[Event "SR 4. liga A21 2014/2015"]
[Site "?"]
[Date "2015.03.01"]
[Round "10.2"]
[White "Rau, Vladimir"]
[Black "Hrubsa, Marian"]
[Result "0-1"]
[WhiteElo "1504"]
[BlackElo "1826"]
[PlyCount "21"]
[EventDate "2014.??.??"]

1. d4 d5 2. c4 e6 3. Nc3 Nf6 4. Nf3 c6 5. e3 Nbd7 6. Be2 Bd6 7. O-O O-O 8. Ne5
(8. b3 e5 9. dxe5 Nxe5 10. Nxe5 Bxe5 11. cxd5 Bxc3 12. Rb1 Qxd5) 8... Nxe5 9.
dxe5 Bxe5 10. b3 Bxc3 11. Rb1 0-1

[Event "SR 4. liga A21 2014/2015"]
[Site "?"]
[Date "2015.03.01"]
[Round "10.3"]
[White "Lanik, Miroslav"]
[Black "Pericka, Tomas"]
[Result "1/2-1/2"]
[WhiteElo "1895"]
[BlackElo "2010"]
[PlyCount "24"]
[EventDate "2014.??.??"]

1. e4 c5 2. Nf3 Nc6 3. d4 cxd4 4. Nxd4 g6 5. Nc3 Bg7 6. Be3 Nf6 7. Bc4 Qa5 8.
O-O O-O 9. Bb3 d6 10. h3 Bd7 11. Qd2 Qh5 12. Nde2 Rac8 1/2-1/2

[Event "SR 4. liga A21 2014/2015"]
[Site "?"]
[Date "2015.03.01"]
[Round "10.3"]
[White "Sadlon, Juraj"]
[Black "Palka, Miroslav"]
[Result "1/2-1/2"]
[WhiteElo "1820"]
[BlackElo "1912"]
[PlyCount "160"]
[EventDate "2014.??.??"]

1. e4 c5 2. Nf3 d6 3. c3 Nf6 4. Bb5+ Bd7 5. Qe2 Nc6 6. d3 g6 7. O-O Bg7 8. Nbd2
O-O 9. Re1 Qc7 10. d4 cxd4 11. cxd4 a6 12. Ba4 b5 13. Bb3 Na5 14. Qd3 Nxb3 15.
Nxb3 Rac8 16. Bd2 Qc2 17. Qxc2 Rxc2 18. Bc3 Rc8 19. Nfd2 Bh6 20. Rad1 b4 21.
Bxb4 Rxb2 22. a3 Ba4 23. Rb1 Rcc2 24. Na1 Rxd2 25. Bxd2 Rxd2 26. Rb4 Rd1 27.
Rxd1 Bxd1 28. f3 Be2 29. Kf2 Bb5 30. Nc2 Bd2 31. Rb1 e5 32. dxe5 dxe5 33. Nb4
Bc3 34. Nc2 Nd7 35. Rb3 Bd2 36. Nb4 Nc5 37. Rb1 Bc3 38. Ke3 Bd4+ 39. Kd2 f5 40.
exf5 gxf5 41. Nd5 Kf7 42. g3 Bc6 43. Ne3 Bxf3 44. Nxf5 Ne4+ 45. Kd3 Nc3 46. Re1
Be4+ 47. Rxe4 Nxe4 48. Kxe4 Bb2 49. a4 Kf6 50. h3 h5 51. Nd6 Bc3 52. Ne8+ Kg5
53. Nc7 a5 54. Ne6+ Kf6 55. Nc5 Be1 56. Kf3 Kf5 57. g4+ hxg4+ 58. hxg4+ Kf6 59.
Ne4+ Ke6 60. Ke3 Bb4 61. Kd3 Kd5 62. Ng5 Be7 63. Ne4 Bd8 64. Nc3+ Kc5 65. Na2
Bf6 66. Nc3 Bg7 67. g5 Kb4 68. g6 Kb3 69. Kd2 Kc4 70. Ne4 Kd4 71. Ng5 Kc4 72.
Ne6 Bh6+ 73. Kc2 Kb4 74. g7 Bxg7 75. Nxg7 Kxa4 76. Kc3 Kb5 77. Nf5 Kc5 78. Ne3
a4 79. Nc4 e4 80. Ne3 a3 1/2-1/2

[Event "SR 4. liga A21 2014/2015"]
[Site "?"]
[Date "2015.03.01"]
[Round "10.3"]
[White "Kubik, Peter"]
[Black "Skapik, Branislav"]
[Result "1-0"]
[WhiteElo "1854"]
[BlackElo "1822"]
[PlyCount "109"]
[EventDate "2014.??.??"]

1. e4 e6 2. d4 d5 3. Nd2 c5 4. exd5 exd5 5. Ngf3 Nc6 6. Bb5 Qb6 7. Bxc6+ bxc6
8. c3 Ba6 9. Nb3 Nf6 10. Nxc5 Bxc5 11. dxc5 Qxc5 12. Be3 Qe7 13. Nd4 Qe4 14.
Qf3 Rc8 15. Qxe4+ Nxe4 16. f3 Nc5 17. Kd2 O-O 18. Nf5 d4 19. Bxd4 Rcd8 20. Ne7+
Kh8 21. Nxc6 Rd7 22. Nb4 Bb5 23. Nc2 Nd3 24. b3 Nf4 25. a4 Bc6 26. g3 Ne6 27.
Rhf1 Ng5 28. f4 Nf3+ 29. Kc1 Nxh2 30. Re1 Nf3 31. Re3 f5 32. Kb2 Rb7 33. b4 Nd2
34. Re2 Nc4+ 35. Kb1 Bf3 36. Re6 Nd2+ 37. Kb2 Nc4+ 38. Kc1 Bd5 39. Re1 Be4 40.
Ne3 Nd6 41. Bc5 Rc8 42. Bxd6 Rxc3+ 43. Kb2 Rc6 44. Rac1 h6 45. Rxc6 Bxc6 46.
Nxf5 Bxa4 47. Re7 Rxe7 48. Bxe7 Kg8 49. Kc3 Kf7 50. Bc5 a6 51. Kd4 Kf6 52. Ne3
g5 53. f5 h5 54. Bb6 h4 55. Bd8+ 1-0

[Event "SR 4. liga A21 2014/2015"]
[Site "?"]
[Date "2015.03.01"]
[Round "10.3"]
[White "Sadlon, Matus"]
[Black "Tokos, Rastislav"]
[Result "1/2-1/2"]
[WhiteElo "1591"]
[BlackElo "1827"]
[PlyCount "90"]
[EventDate "2014.??.??"]

1. e4 c5 2. Nf3 Nc6 3. c3 d5 4. Qc2 dxe4 5. Qxe4 Nf6 6. Qc2 g6 7. Be2 Bg7 8. d3
O-O 9. Be3 b6 10. Nbd2 Bb7 11. O-O Qc7 12. Rad1 Rfd8 13. Ng5 Rd7 14. Nde4 Nxe4
15. dxe4 Rad8 16. Rxd7 Rxd7 17. Bc4 Ne5 18. Be2 a6 19. Nh3 e6 20. f4 Nc6 21.
Rd1 Rxd1+ 22. Bxd1 Bc8 23. e5 Ne7 24. Bf3 Bb7 25. Be4 Bxe4 26. Qxe4 Qc6 27. Nf2
Qxe4 28. Nxe4 Nc8 29. Kf1 Kf8 30. Ke2 Ke7 31. Kd3 Kd7 32. Bf2 Kc6 33. Bh4 Kd7
34. Kc4 Kc6 35. Kd3 Kd7 36. g4 Kc6 37. a4 Kd5 38. b4 cxb4 39. cxb4 Kc6 40. Kc4
Bf8 41. Nc3 Be7 42. Bf2 Kb7 43. Ne4 Kc6 44. h3 Kb7 45. Be1 Kc6 1/2-1/2

[Event "SR 4. liga A21 2014/2015"]
[Site "?"]
[Date "2015.03.01"]
[Round "10.3"]
[White "Barcaj, Jaroslav"]
[Black "Perickova, Jana"]
[Result "1-0"]
[WhiteElo "1600"]
[BlackElo "1530"]
[PlyCount "41"]
[EventDate "2014.??.??"]

1. e4 e5 2. Nf3 Nc6 3. Bb5 a6 4. Ba4 b5 5. Bb3 Nf6 6. O-O Bc5 7. d3 h6 8. h3 d5
9. exd5 Nxd5 10. Re1 O-O 11. a3 Re8 12. Nbd2 Nf4 13. Ne4 Nxh3+ 14. gxh3 Bxh3
15. Nxc5 Qf6 16. Ne4 Qg6+ 17. Ng3 Qf6 18. Re4 g6 19. Bxh6 Ne7 20. Ng5 Bf5 21.
Qf3 1-0

[Event "SR 4. liga A21 2014/2015"]
[Site "?"]
[Date "2015.03.01"]
[Round "10.4"]
[White "Ocko, Martin"]
[Black "Kovarik, Oto"]
[Result "1-0"]
[WhiteElo "1857"]
[BlackElo "1926"]
[PlyCount "69"]
[EventDate "2014.??.??"]

1. e4 c5 2. d4 cxd4 3. c3 dxc3 4. Nxc3 e6 5. Nf3 a6 6. a4 Bb4 7. Qd4 Bf8 8. Bc4
Nc6 9. Qd3 Bc5 10. O-O Nge7 11. Bf4 d6 12. Rad1 e5 13. Be3 O-O 14. Bxc5 dxc5
15. Bxf7+ Kxf7 16. Qc4+ Ke8 17. Rxd8+ Nxd8 18. Qxc5 Ndc6 19. Nxe5 b6 20. Qd6
Rf6 21. Qc7 Ra7 22. Qxb6 Rb7 23. Qc5 Rxb2 24. Qa3 Rb4 25. Nxc6 Nxc6 26. Nd5 a5
27. Nxf6+ gxf6 28. Qc3 Bd7 29. Qxf6 Rxa4 30. e5 Nd8 31. Rd1 Ne6 32. h3 Rf4 33.
Qh8+ Nf8 34. Rd6 Rf7 35. e6 1-0

[Event "SR 4. liga A21 2014/2015"]
[Site "?"]
[Date "2015.03.01"]
[Round "10.4"]
[White "Cerovsky, Marian"]
[Black "Buran, Andrej"]
[Result "0-1"]
[WhiteElo "1847"]
[BlackElo "1586"]
[PlyCount "60"]
[EventDate "2014.??.??"]

1. e4 e5 2. Nf3 Nc6 3. Bb5 Bc5 4. O-O d6 5. h3 Bd7 6. Nc3 Nf6 7. d3 Qe7 8. Na4
O-O-O 9. Nxc5 dxc5 10. a4 h6 11. Nh2 g5 12. Be3 Rdg8 13. Qd2 g4 14. h4 g3 15.
fxg3 Rxg3 16. Bf2 Rg7 17. Bxc6 Bxc6 18. Qe2 Rhg8 19. g3 Nxe4 20. dxe4 Qxh4 21.
g4 Rxg4+ 22. Nxg4 Rxg4+ 23. Qxg4+ Qxg4+ 24. Kh2 Bxe4 25. Rg1 Qh5+ 26. Kg3 Qf3+
27. Kh4 Qxf2+ 28. Rg3 Qh2+ 29. Rh3 Qf4+ 30. Kh5 Qg5# 0-1

[Event "SR 4. liga A21 2014/2015"]
[Site "?"]
[Date "2015.03.01"]
[Round "10.4"]
[White "Ulehla, Jakub"]
[Black "Damborsky, Pavol"]
[Result "1-0"]
[WhiteElo "1479"]
[BlackElo "1772"]
[PlyCount "101"]
[EventDate "2014.??.??"]

1. e4 e5 2. Nf3 d6 3. d4 exd4 4. Nxd4 Nf6 5. Nc3 Be7 6. Be3 Bg4 7. f3 Bd7 8.
Qd2 h6 9. Be2 a6 10. O-O-O b5 11. Rde1 c5 12. Nf5 Bxf5 13. exf5 O-O 14. g4 Nh7
15. Kb1 Nd7 16. Reg1 Nb6 17. Nd5 Nxd5 18. Qxd5 Nf6 19. Qd2 Nh7 20. f4 f6 21. h4
d5 22. g5 fxg5 23. fxg5 hxg5 24. hxg5 Rxf5 25. Bd3 g6 26. Bxf5 gxf5 27. g6 Nf6
28. g7 Kf7 29. Rh8 Ng8 30. Qg2 Qd6 31. Bf4 Qe6 32. Qh2 Bf6 33. Qh5+ Ke7 34. Bg5
Kd7 35. Bxf6 Qxf6 36. Qg6 Qxg6 37. Rxg6 Re8 38. b3 c4 39. bxc4 dxc4 40. Rxa6 c3
41. Rh1 f4 42. Ra7+ Kc6 43. Rf7 Re4 44. Rf8 f3 45. Rxf3 Rg4 46. Rxc3+ Kd7 47.
Rd1+ Ke7 48. Rc7+ Ke6 49. Rd8 Ne7 50. Rxe7+ Kxe7 51. g8=Q 1-0

[Event "SR 4. liga A21 2014/2015"]
[Site "?"]
[Date "2015.03.01"]
[Round "10.4"]
[White "Dubecky, Ladislav"]
[Black "Hrdlicka, Martin"]
[Result "1-0"]
[WhiteElo "1620"]
[BlackElo "1232"]
[PlyCount "73"]
[EventDate "2014.??.??"]

1. e4 e5 2. f4 f6 3. Nf3 Nc6 4. Bb5 Nge7 5. O-O d6 6. h3 Be6 7. d4 exd4 8. Nxd4
Bd7 9. f5 a6 10. Bc4 Nxd4 11. Qxd4 c5 12. Qd1 b5 13. Be6 Bc6 14. Qh5+ g6 15.
fxg6 Nxg6 16. Bf5 Bg7 17. Bxg6+ hxg6 18. Qxg6+ Kf8 19. Nc3 Qe7 20. Nd5 Qe5 21.
Nxf6 Qd4+ 22. Kh1 Bxf6 23. Rxf6+ Ke7 24. Qg7+ Kd8 25. Qxh8+ Kc7 26. Qg7+ Kb6
27. Bf4 Qxb2 28. Rg1 Ra7 29. Qg6 Be8 30. Rxd6+ Ka5 31. Qxe8 Rh7 32. Bd2+ Qb4
33. Bxb4+ Kxb4 34. Qe6 c4 35. Qe5 Ka5 36. Rb1 Ka4 37. Rxa6# 1-0

[Event "SR 4. liga A21 2014/2015"]
[Site "?"]
[Date "2015.03.01"]
[Round "10.4"]
[White "Kaufman, Robert"]
[Black "Sprusansky, Ferdinand"]
[Result "1-0"]
[WhiteElo "1127"]
[BlackElo "1417"]
[PlyCount "95"]
[EventDate "2014.??.??"]

1. e4 e5 2. Nf3 Nc6 3. Bc4 d6 4. d3 Bg4 5. c3 h6 6. Be3 Be7 7. Qb3 Be6 8. Bxe6
fxe6 9. Qxe6 Qd7 10. Qg6+ Kd8 11. Qxg7 Bf6 12. Qf8+ Qe8 13. Qxe8+ Kxe8 14. b4
b6 15. a4 h5 16. Nbd2 h4 17. h3 Nge7 18. Nf1 Ng6 19. N1h2 Nf4 20. Bxf4 exf4 21.
d4 Rg8 22. O-O Kd7 23. Ng4 Bg5 24. Rfe1 Rae8 25. Nxg5 Rxg5 26. Nf6+ Ke7 27.
Nxe8 Kxe8 28. f3 Kf7 29. d5 Ne5 30. Kh2 Nc4 31. Re2 a5 32. Rae1 Kf6 33. bxa5
Nxa5 34. e5+ dxe5 35. Re4 Nb7 36. Rc4 Rg7 37. Rc6+ Nd6 38. c4 Kf5 39. c5 Nc4
40. cxb6 Nxb6 41. a5 Nxd5 42. a6 Nb6 43. a7 Na8 44. Rb1 Rg8 45. Rb8 Rg6 46.
Rf8+ Kg5 47. Rxg6+ Kxg6 48. Rxa8 1-0

[Event "SR 4. liga A21 2014/2015"]
[Site "?"]
[Date "2015.03.01"]
[Round "10.5"]
[White "Berger, Patrik"]
[Black "Curidlo, Jan"]
[Result "1-0"]
[WhiteElo "1917"]
[BlackElo "1889"]
[PlyCount "91"]
[EventDate "2014.??.??"]

1. e4 Nc6 2. Nf3 e5 3. Bc4 Bc5 4. b4 Be7 5. O-O d6 6. c3 Nf6 7. d3 O-O 8. Re1
a6 9. Nbd2 Bg4 10. h3 Bh5 11. Nf1 Qd7 12. Ng3 Bxf3 13. Qxf3 Nd8 14. Nf5 Ne6 15.
Bh6 Ne8 16. Qg3 Bf6 17. Rad1 Kh8 18. Bc1 b5 19. Bb3 Rc8 20. d4 Rd8 21. dxe5
Bxe5 22. f4 Bf6 23. e5 Be7 24. Nxe7 Qxe7 25. f5 dxe5 26. fxe6 Rxd1 27. Rxd1
fxe6 28. Qxe5 Qf7 29. Be3 Nd6 30. Bc5 h6 31. Qxe6 Qf4 32. Qe3 Qf6 33. Bxd6 cxd6
34. Qd4 Qe7 35. Qxd6 Qe3+ 36. Kh1 Qf2 37. Qc5 Qf4 38. Bd5 Qb8 39. Bf3 Re8 40.
c4 Rc8 41. Qd6 bxc4 42. Qxb8 Rxb8 43. a3 c3 44. Rc1 a5 45. bxa5 Rb2 46. a4 1-0

[Event "SR 4. liga A21 2014/2015"]
[Site "?"]
[Date "2015.03.01"]
[Round "10.5"]
[White "Slaby, Jozef"]
[Black "Jarabek, Milan"]
[Result "1-0"]
[WhiteElo "1879"]
[BlackElo "1690"]
[PlyCount "53"]
[EventDate "2014.??.??"]

1. c4 g6 2. Nc3 Bg7 3. d4 c5 4. d5 Qa5 5. Bd2 Qb4 6. Qb3 Qxb3 7. axb3 a6 8. Nf3
d6 9. e4 Bg4 10. Be2 Bxf3 11. Bxf3 Nd7 12. O-O Bxc3 13. Bxc3 Ngf6 14. g3 O-O-O
15. Bg2 Rhe8 16. Ba5 b6 17. Bc3 Kb7 18. f4 e5 19. fxe5 dxe5 20. Rf2 b5 21. Bd2
Nxe4 22. Bxe4 f5 23. Bg2 e4 24. Be3 Kb6 25. Bf1 Ne5 26. Be2 Ng4 27. Bxg4 1-0

[Event "SR 4. liga A21 2014/2015"]
[Site "?"]
[Date "2015.03.01"]
[Round "10.5"]
[White "Harastova, Viera"]
[Black "Sedlak, Rastislav"]
[Result "1-0"]
[WhiteElo "1876"]
[BlackElo "1754"]
[PlyCount "77"]
[EventDate "2014.??.??"]

1. d4 d5 2. c4 c6 3. Nc3 Nf6 4. Bg5 Bf5 5. e3 g6 6. Nf3 Bg7 7. Bd3 Bxd3 8. Qxd3
O-O 9. O-O dxc4 10. Qxc4 Nbd7 11. Rac1 Rc8 12. Rfd1 Qb6 13. b4 a6 14. Na4 Qb5
15. Nc5 Nxc5 16. bxc5 Rfd8 17. Ne5 Nd5 18. Qxb5 axb5 19. Nd3 h6 20. Bh4 g5 21.
Bg3 Ra8 22. Rc2 Ra4 23. Kf1 Rda8 24. Rdd2 Nb4 25. Nxb4 Rxb4 26. Rb2 Rba4 27. f3
f5 28. f4 Kf7 29. fxg5 hxg5 30. h4 Bh6 31. hxg5 Bxg5 32. Ke2 Ke6 33. Kf3 Kd5
34. Bf4 Bf6 35. g3 Ra3 36. g4 fxg4+ 37. Kxg4 Ke4 38. Rb4 Rxa2 39. d5+ 1-0

[Event "SR 4. liga A21 2014/2015"]
[Site "?"]
[Date "2015.03.01"]
[Round "10.5"]
[White "Slaba, Andrea"]
[Black "Zlamal, Marek"]
[Result "1-0"]
[WhiteElo "1467"]
[BlackElo "1671"]
[PlyCount "31"]
[EventDate "2014.??.??"]

1. d4 f5 2. c4 e6 3. Nf3 d5 4. e3 Nd7 5. Nc3 Ndf6 6. cxd5 exd5 7. Bd3 Ne4 8.
Bxe4 fxe4 9. Ne5 Nf6 10. O-O Bd6 11. f3 exf3 12. Nxf3 Bg4 13. Qb3 Rb8 14. Bd2
Bh5 15. Ne5 Bxe5 16. dxe5 {partia sa neda zrekonstruovat} 1-0

[Event "SR 4. liga A21 2014/2015"]
[Site "?"]
[Date "2015.03.01"]
[Round "10.5"]
[White "Antalek, Rudolf"]
[Black "Divinec, Peter"]
[Result "1-0"]
[WhiteElo "1532"]
[BlackElo "1277"]
[PlyCount "35"]
[EventDate "2014.??.??"]

1. e4 e5 2. Nf3 Nc6 3. Bc4 Bc5 4. c3 Nf6 5. d4 exd4 6. cxd4 Bb4+ 7. Nc3 Nxe4 8.
O-O Nxc3 9. bxc3 Bxc3 10. Ba3 d5 11. Qe2+ Be6 12. Rac1 Nxd4 13. Nxd4 Bxd4 14.
Bb5+ c6 15. Rxc6 bxc6 16. Bxc6+ Qd7 17. Bxd7+ Kxd7 18. Qb5+ 1-0

[Event "SR 4. liga A21 2014/2015"]
[Site "?"]
[Date "2015.03.01"]
[Round "10.6"]
[White "Lajda, Dusan"]
[Black "Kubis, Ivan"]
[Result "0-1"]
[WhiteElo "1853"]
[BlackElo "1991"]
[PlyCount "50"]
[EventDate "2014.??.??"]

1. e4 e5 2. Nf3 Nc6 3. Bc4 Nf6 4. Ng5 d5 5. exd5 Na5 6. d3 h6 7. Nf3 e4 8. Qe2
Nxc4 9. dxc4 Bc5 10. Ng1 O-O 11. h3 Qd6 12. Be3 b5 13. Bxc5 Qxc5 14. cxb5 Nxd5
15. g3 Bb7 16. Na3 e3 17. f3 a6 18. b6 cxb6 19. O-O-O b5 20. Kb1 Rac8 21. c3
Nxc3+ 22. bxc3 Qxa3 23. Qxe3 Rxc3 24. Qb6 Bd5 25. Rh2 Bxa2+ 0-1

[Event "SR 4. liga A21 2014/2015"]
[Site "?"]
[Date "2015.03.01"]
[Round "10.6"]
[White "Brunovsky, Peter"]
[Black "Bjel, Jan"]
[Result "1-0"]
[WhiteElo "1869"]
[BlackElo "1823"]
[PlyCount "89"]
[EventDate "2014.??.??"]

1. d4 Nf6 2. Bf4 d5 3. e3 e6 4. Bd3 Bd6 5. c3 O-O 6. Nf3 Bxf4 7. exf4 Nbd7 8.
Nbd2 c5 9. Rc1 Re8 10. O-O c4 11. Bb1 b5 12. Ne5 h6 13. Ndf3 a5 14. g4 Ne4 15.
Nxd7 Bxd7 16. Ne5 f6 17. Ng6 Nd6 18. Kh1 Nf7 19. Re1 Nh8 20. Qc2 f5 21. Ne5 Nf7
22. Re3 Nxe5 23. fxe5 g6 24. Rg1 Kh7 25. Rh3 Rg8 26. Qd2 Qf8 27. Rgg3 Re8 28.
Rh4 g5 29. Rh5 Re7 30. gxf5 exf5 31. Rgxg5 Reg7 32. Rg3 Rxg3 33. hxg3 Rg6 34.
Qf4 Kg7 35. Bxf5 Bxf5 36. Qxf5 Qe8 37. Rh4 b4 38. Rg4 Rxg4 39. Qxg4+ Kh7 40. e6
bxc3 41. bxc3 a4 42. Qf5+ Kg7 43. Qxd5 Kf6 44. Qe5+ Ke7 45. d5 1-0

[Event "SR 4. liga A21 2014/2015"]
[Site "?"]
[Date "2015.03.01"]
[Round "10.6"]
[White "Krchnak, Rudolf"]
[Black "Zajicek, Ferdinand"]
[Result "0-1"]
[WhiteElo "1796"]
[BlackElo "1836"]
[PlyCount "110"]
[EventDate "2014.??.??"]

1. d4 c5 2. d5 g6 3. c4 d6 4. Nc3 Nf6 5. e4 Bg7 6. Qc2 O-O 7. Be2 e6 8. Nf3
exd5 9. exd5 Bf5 10. Qb3 b6 11. O-O Re8 12. Bg5 Nbd7 13. Nh4 h6 14. Nxf5 gxf5
15. Bh4 Ne5 16. f3 Ng6 17. Bf2 Nh5 18. Bd3 Qg5 19. Qc2 Ngf4 20. Bg3 Nxg3 21.
hxg3 Qxg3 22. Bxf5 Bd4+ 23. Kh1 Bxc3 24. Qf2 Qxf2 25. Rxf2 Bd4 26. Rc2 Re5 27.
Bg4 Rae8 28. Rd1 Re1+ 29. Rxe1 Rxe1+ 30. Kh2 Re2 31. Rxe2 Nxe2 32. b3 Nc1 33.
Kg3 Nxa2 34. Bf5 Nc3 35. Bd3 a5 36. Kg4 Kg7 37. Kf5 a4 38. bxa4 Nxa4 39. g4 Nc3
40. Kf4 Kf6 41. Kg3 b5 42. cxb5 Nxd5 43. f4 Nb6 44. Kf3 d5 45. Ke2 c4 46. Bc2
Bc5 47. Kf3 Nc8 48. Ke2 Nd6 49. Ba4 d4 50. Kd2 Ne4+ 51. Ke1 d3 52. b6 Bxb6 53.
Bb5 Nd6 54. Ba6 Ba5+ 55. Kd1 Ke6 0-1

[Event "SR 4. liga A21 2014/2015"]
[Site "?"]
[Date "2015.03.01"]
[Round "10.6"]
[White "Kanka, Tomas"]
[Black "Bjel, Tomas"]
[Result "1-0"]
[WhiteElo "1723"]
[BlackElo "1643"]
[PlyCount "39"]
[EventDate "2014.??.??"]

1. e4 e5 2. Nf3 d6 3. d4 exd4 4. Nxd4 Nf6 5. Nc3 Be7 6. Bd3 b6 7. O-O O-O 8.
Qf3 c5 9. e5 cxd4 10. Qxa8 dxc3 11. exf6 Bxf6 12. Qxb8 cxb2 13. Bxb2 Bxb2 14.
Rab1 Be5 15. Qxa7 Qh4 16. g3 Qh5 17. Qxb6 Qf3 18. Rfe1 d5 19. Rxe5 Bh3 20. Bf1
1-0

[Event "SR 4. liga A21 2014/2015"]
[Site "?"]
[Date "2015.03.01"]
[Round "10.6"]
[White "Kosiarcik, Maximilian"]
[Black "Kastler, Peter"]
[Result "1-0"]
[WhiteElo "1437"]
[BlackElo "1757"]
[PlyCount "25"]
[EventDate "2014.??.??"]

1. e4 e6 2. d4 d5 3. Nc3 dxe4 4. Nxe4 Nd7 5. Nf3 Ngf6 6. Nxf6+ Nxf6 7. Bd3 Be7
8. O-O b6 9. Ne5 Bb7 10. Bb5+ Nd7 11. Bxd7+ Kf8 12. Bc6 Qc8 13. Qf3 1-0

[Event "SR 4. liga A21 2014/2015"]
[Site "?"]
[Date "2015.03.15"]
[Round "11.1"]
[White "Kubis, Ivan"]
[Black "Nemeckay, Rastislav"]
[Result "1/2-1/2"]
[WhiteElo "1991"]
[BlackElo "1985"]
[PlyCount "43"]
[EventDate "2014.??.??"]

1. e4 e5 2. Nf3 Nc6 3. Bb5 a6 4. Ba4 Nf6 5. O-O b5 6. Bb3 Be7 7. Re1 d6 8. c3
Na5 9. Bc2 c5 10. h3 O-O 11. d4 Qc7 12. Nbd2 Bd7 13. Nf1 cxd4 14. cxd4 Rfc8 15.
Bd3 Nc6 16. Be3 Qd8 17. Rc1 Bf8 18. Qd2 d5 19. a3 dxe4 20. dxe5 exf3 21. exf6
fxg2 22. Kxg2 1/2-1/2

[Event "SR 4. liga A21 2014/2015"]
[Site "?"]
[Date "2015.03.15"]
[Round "11.1"]
[White "Celustkova, Lubica"]
[Black "Brunovsky, Peter"]
[Result "1/2-1/2"]
[WhiteElo "1614"]
[BlackElo "1869"]
[PlyCount "82"]
[EventDate "2014.??.??"]

1. e4 c6 2. d4 d5 3. Nc3 dxe4 4. Nxe4 Nf6 5. Nxf6+ gxf6 6. Nf3 Bg4 7. Be2 e6 8.
Bf4 Bd6 9. Qd2 Qc7 10. Bxd6 Qxd6 11. h3 Bf5 12. c3 Nd7 13. Bd3 Bg6 14. O-O-O
O-O-O 15. Rhe1 Kb8 16. Bxg6 hxg6 17. Re4 Ka8 18. Kb1 Qd5 19. Rde1 g5 20. Rg4
Nb6 21. Qc2 Nc4 22. Nd2 Nxd2+ 23. Qxd2 Rdg8 24. f4 gxf4 25. Qxf4 f5 26. Rxg8+
Rxg8 27. g3 Qg2 28. g4 Qxh3 29. gxf5 Qd3+ 30. Ka1 exf5 31. Qc7 a6 32. Qxf7 Qg3
33. Re8+ Rxe8 34. Qxe8+ Ka7 35. Kb1 Qd3+ 36. Kc1 Qc4 37. Qe5 Qb5 38. Kc2 Qa4+
39. Kc1 Qxa2 40. Qc5+ Ka8 41. Qf8+ Ka7 1/2-1/2

[Event "SR 4. liga A21 2014/2015"]
[Site "?"]
[Date "2015.03.15"]
[Round "11.1"]
[White "Zajicek, Ferdinand"]
[Black "Sobek, Michal"]
[Result "0-1"]
[WhiteElo "1836"]
[BlackElo "1684"]
[PlyCount "46"]
[EventDate "2014.??.??"]

1. e4 e5 2. Nf3 Nc6 3. Bc4 Nf6 4. Ng5 d5 5. exd5 Na5 6. d3 Bd6 7. Bb5+ c6 8.
dxc6 bxc6 9. Ba4 O-O 10. Ne4 Nxe4 11. dxe4 f5 12. Nc3 fxe4 13. Nxe4 Qh4 14.
Bxc6 Bb4+ 15. c3 Nxc6 16. Qd5+ Rf7 17. Bg5 Qg4 18. cxb4 Nd4 19. f3 Qxg2 20. Ng3
Bb7 21. Qxf7+ Kxf7 22. Be3 Nc2+ 23. Kd1 Nxe3+ 0-1

[Event "SR 4. liga A21 2014/2015"]
[Site "?"]
[Date "2015.03.15"]
[Round "11.1"]
[White "Klimes, Karel"]
[Black "Kanka, Tomas"]
[Result "1/2-1/2"]
[WhiteElo "1688"]
[BlackElo "1723"]
[PlyCount "82"]
[EventDate "2014.??.??"]

1. e4 e5 2. Nf3 Nf6 3. Nxe5 d6 4. Nf3 Nxe4 5. Nc3 Nxc3 6. dxc3 Be7 7. Bd3 O-O
8. Be3 Nc6 9. Qd2 Bg4 10. Be4 Ne5 11. Nxe5 dxe5 12. f3 Be6 13. O-O c6 14. Qf2
f5 15. Bd3 e4 16. Be2 f4 17. Bd4 e3 18. Qe1 c5 19. Be5 Qd5 20. Bc7 Rac8 21. c4
Qg5 22. Ba5 Bh3 23. g4 Rc6 24. Bd3 Rh6 25. Qe2 Bxf1 26. Rxf1 Rff6 27. Qg2 Ra6
28. Be1 Rxa2 29. h4 Rxh4 30. Bxh4 Qxh4 31. b3 Bf6 32. Rd1 Bd4 33. Kf1 a5 34.
Ke2 h6 35. Rh1 Qd8 36. Qh2 Bc3 37. Rd1 Qf6 38. Qh5 Qe7 39. Qd5+ Kf8 40. Qf5+
Kg8 41. Qh7+ Kf8 1/2-1/2

[Event "SR 4. liga A21 2014/2015"]
[Site "?"]
[Date "2015.03.15"]
[Round "11.1"]
[White "Kastler, Peter"]
[Black "Wallner, Juraj"]
[Result "1-0"]
[WhiteElo "1757"]
[BlackElo "1606"]
[PlyCount "96"]
[EventDate "2014.??.??"]

1. d4 d5 2. c4 e6 3. Nc3 Nf6 4. e3 c5 5. Nf3 Nc6 6. Be2 Be7 7. O-O O-O 8. b3
cxd4 9. Nxd4 Bb4 10. Bb2 Qa5 11. Nxc6 bxc6 12. Na4 Qd8 13. Rc1 Bd7 14. cxd5
cxd5 15. Nc5 Qe7 16. Qd4 Bxc5 17. Rxc5 e5 18. Qb4 Ne4 19. Rb5 Qe6 20. Ra5 a6
21. Rd1 Nf6 22. Bf3 Bc6 23. Rc5 e4 24. Be2 Rfc8 25. Rdc1 Bd7 26. Bxf6 Qxf6 27.
Rxc8+ Bxc8 28. Qc5 Qe6 29. Qc7 g6 30. Rc6 Qe8 31. h3 Be6 32. Rxa6 Rc8 33. Qb7
Rc1+ 34. Kh2 Bc8 35. Ra8 Kg7 36. Qxd5 Qe7 37. Qd4+ Kh6 38. Ra7 Qe8 39. Bc4 Be6
40. Bxe6 Qxe6 41. Ra5 Qc6 42. Qd5 Qf6 43. Qxe4 Qxf2 44. Qf4+ Qxf4+ 45. exf4 Rf1
46. Kg3 Kg7 47. a3 Rb1 48. b4 Kf6 1-0

[Event "SR 4. liga A21 2014/2015"]
[Site "?"]
[Date "2015.03.15"]
[Round "11.2"]
[White "Curidlo, Jan"]
[Black "Lajda, Dusan"]
[Result "1/2-1/2"]
[WhiteElo "1889"]
[BlackElo "1853"]
[PlyCount "37"]
[EventDate "2014.??.??"]

1. e4 c5 2. Nf3 d6 3. c3 Nf6 4. Bc4 Nc6 5. d3 g6 6. O-O Bg7 7. Re1 O-O 8. h3 b6
9. Nbd2 Bb7 10. Nf1 Ne5 11. Nxe5 dxe5 12. Bg5 a6 13. a4 Bc6 14. Be3 Qc7 15. Qc2
b5 16. axb5 axb5 17. Bb3 Bb7 18. Qe2 Rfd8 19. f3 1/2-1/2

[Event "SR 4. liga A21 2014/2015"]
[Site "?"]
[Date "2015.03.15"]
[Round "11.2"]
[White "Bjel, Jan"]
[Black "Slaby, Jozef"]
[Result "1-0"]
[WhiteElo "1823"]
[BlackElo "1879"]
[PlyCount "37"]
[EventDate "2014.??.??"]

1. e4 c6 2. d4 d5 3. exd5 cxd5 4. Bd3 Nf6 5. Bg5 Qb6 6. b3 Nc6 7. c3 Bd7 8. Nf3
e6 9. O-O Qc7 10. c4 Nb4 11. Nc3 Nxd3 12. Qxd3 Ba3 13. Rab1 dxc4 14. bxc4 Be7
15. Ne5 O-O 16. Ne4 Rad8 17. Bxf6 Bc8 18. Qg3 g6 19. Nxg6 1-0

[Event "SR 4. liga A21 2014/2015"]
[Site "?"]
[Date "2015.03.15"]
[Round "11.2"]
[White "Sedlak, Rastislav"]
[Black "Krchnak, Rudolf"]
[Result "0-1"]
[WhiteElo "1754"]
[BlackElo "1796"]
[PlyCount "88"]
[EventDate "2014.??.??"]

1. e4 c5 2. Nf3 d6 3. d4 cxd4 4. Nxd4 Nf6 5. Nc3 a6 6. Bd3 e5 7. Nf3 Be7 8. h3
Qc7 9. O-O O-O 10. Bg5 Be6 11. Re1 Nbd7 12. a3 Rac8 13. Rc1 Nc5 14. Bxf6 Bxf6
15. Nd5 Bxd5 16. exd5 g6 17. b4 Nxd3 18. Qxd3 Qc3 19. Re3 Qxd3 20. Rxd3 e4 21.
Re3 exf3 22. Rxf3 Bg5 23. Re1 Rxc2 24. Rd3 Rfc8 25. g3 Rc1 26. Rxc1 Rxc1+ 27.
Kg2 Rc2 28. h4 Bf6 29. Rb3 Rc3 30. Rb1 Rxa3 31. b5 a5 32. Rc1 Rc3 33. Rb1 Rc5
34. Kf3 Rxd5 35. b6 a4 36. Rb4 Ra5 37. Rc4 a3 38. Rc8+ Kg7 39. Rc7 a2 40. Rxb7
a1=Q 41. Rd7 Qh1+ 42. Ke2 Qc6 43. b7 Rb5 44. b8=Q Rxb8 0-1

[Event "SR 4. liga A21 2014/2015"]
[Site "?"]
[Date "2015.03.15"]
[Round "11.2"]
[White "Bjel, Lubos"]
[Black "Slaba, Andrea"]
[Result "1-0"]
[WhiteElo "1760"]
[BlackElo "1467"]
[PlyCount "39"]
[EventDate "2014.??.??"]

1. e4 e6 2. d4 d5 3. exd5 exd5 4. Nf3 Nf6 5. Bd3 Bd6 6. c3 O-O 7. Be3 Re8 8.
Nbd2 Ng4 9. Nf1 Nxe3 10. fxe3 Bf4 11. Qe2 Bg4 12. h3 Bxf3 13. Qxf3 Qg5 14. Kd2
Bd6 15. h4 Qf6 16. Qxd5 Qf2+ 17. Be2 Bf4 18. Qf3 Qxf3 19. Bxf3 Bh6 20. Bxb7 1-0

[Event "SR 4. liga A21 2014/2015"]
[Site "?"]
[Date "2015.03.15"]
[Round "11.2"]
[White "Divinec, Peter"]
[Black "Kosiarcik, Maximilian"]
[Result "1/2-1/2"]
[WhiteElo "1277"]
[BlackElo "1437"]
[PlyCount "46"]
[EventDate "2014.??.??"]

1. e4 c6 2. d4 d5 3. e5 Bf5 4. Bd3 Bg6 5. Bxg6 hxg6 6. Nf3 e6 7. O-O c5 8. c3
Nc6 9. Be3 Qb6 10. b3 cxd4 11. cxd4 Nge7 12. Nc3 Nf5 13. Na4 Qd8 14. a3 Rc8 15.
g4 Nh6 16. h3 Ng8 17. Kg2 f6 18. Qd3 f5 19. Nc5 Bxc5 20. dxc5 Qc7 21. Rae1 Nh6
22. b4 Nf7 23. Bd4 a6 1/2-1/2